Markets (Record no. 83025)
[ view plain ]
| 000 -LEADER | |
|---|---|
| fixed length control field | 01259cab a22002055a 4500 |
| 001 - CONTROL NUMBER | |
| control field | L152613 |
| 008 - FIXED-LENGTH DATA ELEMENTS--GENERAL INFORMATION | |
| fixed length control field | 110405e20110325xxk 000 0 eng d |
| 035 ## - SYSTEM CONTROL NUMBER | |
| System control number | (Sirsi) u152613 |
| 041 0# - LANGUAGE CODE | |
| Language code of text/sound track or separate title | eng |
| 100 1# - MAIN ENTRY--PERSONAL NAME | |
| Personal name | Eade, Christine |
| 245 00 - TITLE STATEMENT | |
| Title | Markets |
| Remainder of title | East of England |
| 260 ## - PUBLICATION, DISTRIBUTION, ETC. | |
| -- | 2011 |
| 490 #0 - SERIES STATEMENT | |
| Series statement | Property Week |
| Volume/sequential designation | 77(12) 25 March 2011, 41-52(5) |
| 520 ## - SUMMARY, ETC. | |
| Summary, etc. | Cambridge station area is centre of office redevelopment as high demand and tight supply fuels Cambridge's first business district. Plans to expand Great Yarmouth's Miller's Market Gates shopping centre by 20 500 sq ft. Norfolk Primary Care Trust halves selling price of St Andrew's House, a former psychiatric hospital, outside Norwich. Shearer Property Group's Mint Quarter shopping centre development in Ipswich has been disregarded by Borough Council. Retailers in Norwich's Chapelfield shopping centre are challenging rent increases. Cambridge college landlords seek specialist retail tenants after New Economic Foundation's 2010 report gave Cambridge clone town label. |
| 590 ## - LOCAL NOTE (RLIN) | |
| Local note | KA |
| 651 #4 - SUBJECT ADDED ENTRY--GEOGRAPHIC NAME | |
| Geographic name | East of England |
| 690 ## - LOCAL SUBJECT ADDED ENTRY--TOPICAL TERM (OCLC, RLIN) | |
| Topical term or geographic name as entry element | PROPERTY-COMMERCIAL PROPERTY-COMMERCIAL PROPERTY MARKET |
| 690 ## - LOCAL SUBJECT ADDED ENTRY--TOPICAL TERM (OCLC, RLIN) | |
| Topical term or geographic name as entry element | PROPERTY-COMMERCIAL PROPERTY-COMMERCIAL PROPERTY FINANCE AND INVESTMENT |
| 942 ## - ADDED ENTRY ELEMENTS (KOHA) | |
| Suppress in OPAC | 0 |
| Withdrawn status | Lost status | Source of classification or shelving scheme | Damaged status | Not for loan | Home library | Current library | Shelving location | Date acquired | Total Checkouts | Full call number | Barcode | Date last seen | Copy number | Price effective from | Koha item type |
|---|---|---|---|---|---|---|---|---|---|---|---|---|---|---|---|
| Dewey Decimal Classification | London | London | Journal article | 05/04/2011 | L152613 | 152613-1001 | 06/08/2019 | 1 | 06/08/2019 | Journal article |